Приветственная речь Анатолия Евграфовича Молчанова на первом приеме учеников драматической школы Александринского театра

Доступно только в Электронных читальных залах Найти на картеНа карте
RUSMARC
00003901nmc2a22002533x 450
0015b538452-08d9-4235-9ae8-24849e12f5a6
00520210412182952.0
100##$a20200812l19181918k l0rusy0189 ca
1010#$arus
102##$aRU
105##$ay###
1220#$ad
2001#$aПриветственная речь Анатолия Евграфовича Молчанова на первом приеме учеников драматической школы Александринского театра
$j19 октября 1918 г.
215##$a1 л.
$d36,5х26 см
251##$cДело
300##$aРаботы Анатолия Евграфовича Молчанова
300##$aМашинопись
371##$aДокумент не является опубликованным и широко распространяемым
461#0$1001db61d72f-43f2-409f-8a83-e0351aa81d78
$12001
$aМолчанов Анатолий Евграфович (1856-1921), вице-президент Русского театрального общества, редактор журнала "Ежегодник императорских театров", председатель правления Русского общества пароходства и торговли
$1251
$cФонд
$1852
$j678
462#0$10019dad07dd-c609-4d13-9b36-4e45395a7de5
$12001
$a1791-1921 гг.
$1251
$cОпись
$1852
$j1
801#0$aRU
$bРГИА
$c20200812
$gRCR
801#1$aRU
$bГлавНИВЦ
$c20200812
$2rusmarc
801#2$aRU
$bПБ им. Б.Н. Ельцина
$c20210412
$gRCR
$2rusmarc
850##$aРГИА
852##$aРГИА
$eФедеральное казенное учреждение "Российский государственный исторический архив" (РГИА)
$j61
937##$hРГИА
$d12321554
$aASBIBLIO_SCAN
035##$aRusGRCC00014144
856##$uhttp://readingroom.main.prlib.ru/item.aspx?id_node=n162035347&mode=full
Формат отображения